The critical phase in Tanzania, 1945-1968 (Record no. 28739)
[ view plain ]
| 000 -LEADER | |
|---|---|
| fixed length control field | 00763nam a2200217Ia 4500 |
| 003 - CONTROL NUMBER IDENTIFIER | |
| control field | 0100 |
| 005 - DATE AND TIME OF LATEST TRANSACTION | |
| control field | 20220518123754.0 |
| 008 - FIXED-LENGTH DATA ELEMENTS--GENERAL INFORMATION | |
| fixed length control field | 130303s9999 xx 000 0 und d |
| 020 ## - INTERNATIONAL STANDARD BOOK NUMBER | |
| International Standard Book Number | 0521208246 |
| 040 ## - CATALOGING SOURCE | |
| Transcribing agency | ARRUPELIB |
| 050 ## - LIBRARY OF CONGRESS CALL NUMBER | |
| Classification number | HX457.T3C7 |
| 300 ## - PHYSICAL DESCRIPTION | |
| Dimensions | 23cm |
| 100 ## - MAIN ENTRY--PERSONAL NAME | |
| Personal name | Pratt, Cranford |
| 9 (RLIN) | 51652 |
| 245 #4 - TITLE STATEMENT | |
| Title | The critical phase in Tanzania, 1945-1968 |
| Remainder of title | Nyerere and the emergence of a socialist strategy |
| Statement of responsibility, etc | Cranford Pratt |
| 260 ## - PUBLICATION, DISTRIBUTION, ETC. (IMPRINT) | |
| Place of publication, distribution, etc | Cambridge |
| Name of publisher, distributor, etc | Cambridge University Press |
| Date of publication, distribution, etc | 1976 |
| 300 ## - PHYSICAL DESCRIPTION | |
| Extent | x, 309p. ; |
| 600 ## - SUBJECT ADDED ENTRY--PERSONAL NAME | |
| Personal name | Nyerere, Julius Kambarage, Pres. Tanzania, 1922- |
| 9 (RLIN) | 51653 |
| 650 ## - SUBJECT ADDED ENTRY--TOPICAL TERM | |
| Topical term or geographic name as entry element | Socialism in Tanzania |
| 9 (RLIN) | 30060 |
| 651 ## - SUBJECT ADDED ENTRY--GEOGRAPHIC NAME | |
| Geographic name | Tanzania |
| General subdivision | Politics and government |
| 9 (RLIN) | 51654 |
| 651 ## - SUBJECT ADDED ENTRY--GEOGRAPHIC NAME | |
| Geographic name | Tanganyika |
| General subdivision | Politics and government |
| 9 (RLIN) | 51655 |
| 942 00 - ADDED ENTRY ELEMENTS (KOHA) | |
| Koha issues (borrowed), all copies | 4 |
| Source of classification or shelving scheme | Library of Congress Classification |
| Koha item type | Monograph ( Printed materials) |
| Withdrawn status | Lost status | Source of classification or shelving scheme | Damaged status | Not for loan | Collection code | Home library | Current library | Shelving location | Date acquired | Total Checkouts | Full call number | Barcode | Date last seen | Copy number | Price effective from | Koha item type | Date checked out |
|---|---|---|---|---|---|---|---|---|---|---|---|---|---|---|---|---|---|
| Library of Congress Classification | Main Collection | ARRUPE LIBRARY | ARRUPE LIBRARY | Main Collection | 04/03/2013 | HX457.T3C7 | 46003030468 | 09/05/2018 | 1 | 04/03/2013 | Monograph ( Printed materials) | ||||||
| Library of Congress Classification | Main Collection | ARRUPE LIBRARY | ARRUPE LIBRARY | Main Collection | 04/03/2013 | 9 | HX457.T3C7 | 46003030467 | 30/04/2018 | 2 | 04/03/2013 | Monograph ( Printed materials) | 23/03/2018 | ||||
| Library of Congress Classification | Main Collection | ARRUPE LIBRARY | ARRUPE LIBRARY | Main Collection | 18/05/2022 | HX457.T3C7 | 46600009213 | 18/05/2022 | 18/05/2022 | Monograph ( Printed materials) |